000 00906nam a22002657i 4500
001 IT\ICCU\RAV\2195668
003 ItRI
005 20260315170618.0
008 241128s2024 it |||||| ||||| |||||c
020 _a9791281723023
040 _bita
_cCentro di documentazione Omologie (CIG Arcigay Milano)
041 7 _aita
_2ISO-639-2
082 _a305.42092
_223
100 1 _aLonzi, Carla
_0IT\ICCU\CFIV\031079
_4aut
240 1 0 _aTaci, anzi parla
_9Lonzi, Carla
245 1 0 _aTaci, anzi parla :
_bdiario di una femminista : 1972-1977 /
_cCarla Lonzi ; a cura di Annarosa Buttarelli.
260 _aMilano :
_bLa Tartaruga,
_c2024
300 _a1079 p. ;
_c22 cm.
650 7 _aLonzi, Carla . Taci, anzi parla
700 1 _aButtarelli, Annarosa
_0IT\ICCU\REAV\094095
_4edt
830 3 _aLa tartaruga ;
_v41
_0IT\ICCU\LI3\0026553
942 _2ddc
_cBK
_n0
981 1 _6z01
_ai
_bxxxe
982 1 _6z01
_an
999 _c28914
_d28914